00927 a2200217 45000010006000000050017000060080041000230030015000640400040000790800031001192450065001500200022002152500012002372640055002493000019003045050211003231000025005347000021005597000030005808560099006104708420260407155739.0260407a2001 arg spa dAR-UNSa-BCEJYS aAR-UNSa-BCEJYSbspacAR-UNSa-BCEJYS a330xEconomía en general10aTeoría general de la ocupación, el interés y el dinero a978-950-557-494-0 a3a. ed. 1aBuenos Aires :bFondo de Cultura Económicac2001 a334 p.c23 cm. a1. Introducción - 2. Definiciones e ideas - 3. La propensión a consumir - 4. El incentivo para invertir - 5. Salarios nominales y precios - 6. Breves consideraciones sugeridas por la teoría general. 1 aKeynes, John Maynard1 aHornedo, Eduardo1 aPérez, Ángel Martín41uhttps://www.biblioeco.unsa.edu.ar/pmb/images/libros/L127385.jpgyImagen de portadaqimage/jpeg